|
|
|
|
| LEADER |
02927nam a2200733 a 4500 |
| 001 |
nkc20132448475 |
| 003 |
CZ PrNK |
| 005 |
20130610142713.0 |
| 007 |
ta |
| 008 |
130325s2012 xr a e 000 0 cze |
| 015 |
|
|
|a cnb002448475
|
| 020 |
|
|
|a 978-80-210-6000-5
|q (brož.)
|
| 035 |
|
|
|a (OCoLC)847727890
|
| 040 |
|
|
|a BOA001
|b cze
|
| 041 |
0 |
|
|a cze
|b eng
|
| 043 |
|
|
|a e-xr---
|
| 045 |
|
|
|a y0y1
|
| 072 |
|
7 |
|a 025
|x Organizace knihoven a knihovních fondů
|2 Konspekt
|9 12
|
| 080 |
|
|
|a 08/09:004
|2 MRF
|
| 080 |
|
|
|a 025.7/.9:005.922.1
|2 MRF
|
| 080 |
|
|
|a 347.78
|2 MRF
|
| 080 |
|
|
|a 027.4/.5
|2 MRF
|
| 080 |
|
|
|a [002.1:004.738.5]-021.161
|2 MRF
|
| 080 |
|
|
|a 024.5/.6
|2 MRF
|
| 080 |
|
|
|a [002:004]:004
|2 MRF
|
| 080 |
|
|
|a 004.91
|2 MRF
|
| 080 |
|
|
|a 655.4/.5
|2 MRF
|
| 080 |
|
|
|a (437.3)
|2 MRF
|
| 080 |
|
|
|a (082)
|2 MRF
|
| 100 |
1 |
|
|a Bouda, Tomáš
|7 js20090430002
|4 aut
|
| 245 |
1 |
0 |
|a Elektronické knihy v českých knihovnách /
|c Tomáš Bouda a kolektiv autorů
|
| 250 |
|
|
|a 1. vyd.
|
| 260 |
|
|
|a Brno :
|b Masarykova univerzita,
|c 2012
|
| 300 |
|
|
|a 74 s. :
|b il. ;
|c 21 cm
|
| 500 |
|
|
|a 100 výt.
|
| 504 |
|
|
|a Obsahuje bibliografie a bibliografické odkazy
|
| 546 |
|
|
|a Anglická resumé
|
| 648 |
|
7 |
|a 2001-2020
|7 ch460601
|2 czenas
|
| 650 |
0 |
7 |
|a elektronické knihy
|7 ph503061
|z Česko
|2 czenas
|
| 650 |
0 |
7 |
|a zabezpečení knihovních fondů
|7 ph127512
|z Česko
|y 2001-2020
|2 czenas
|
| 650 |
0 |
7 |
|a autorské právo
|7 ph114109
|z Česko
|2 czenas
|
| 650 |
0 |
7 |
|a veřejné knihovny
|7 ph116570
|z Česko
|y 2001-2020
|2 czenas
|
| 650 |
0 |
7 |
|a zpřístupňování elektronických zdrojů
|7 ph367691
|z Česko
|y 2001-2020
|2 czenas
|
| 650 |
0 |
7 |
|a knihovní služby
|7 ph121660
|z Česko
|y 2001-2020
|2 czenas
|
| 650 |
0 |
7 |
|a digitalizace informačních zdrojů
|7 ph565425
|z Česko
|y 2001-2020
|2 czenas
|
| 650 |
0 |
7 |
|a elektronické publikování
|7 ph119892
|z Česko
|y 2001-2020
|2 czenas
|
| 650 |
0 |
7 |
|a knižní obchod
|7 ph114934
|z Česko
|y 2001-2020
|2 czenas
|
| 650 |
0 |
9 |
|a electronic books
|z Czechia
|2 eczenas
|
| 650 |
0 |
9 |
|a security of library collections
|z Czechia
|y 2001-2020
|2 eczenas
|
| 650 |
0 |
9 |
|a copyright
|z Czechia
|2 eczenas
|
| 650 |
0 |
9 |
|a public libraries
|z Czechia
|y 2001-2020
|2 eczenas
|
| 650 |
0 |
9 |
|a accessibility of electronic resources
|z Czechia
|y 2001-2020
|2 eczenas
|
| 650 |
0 |
9 |
|a library services
|z Czechia
|y 2001-2020
|2 eczenas
|
| 650 |
0 |
9 |
|a digitization of information resources
|z Czechia
|y 2001-2020
|2 eczenas
|
| 650 |
0 |
9 |
|a electronic publishing
|z Czechia
|y 2001-2020
|2 eczenas
|
| 650 |
0 |
9 |
|a book trade
|z Czechia
|y 2001-2020
|2 eczenas
|
| 655 |
|
7 |
|a sborníky
|7 fd163935
|2 czenas
|
| 655 |
|
9 |
|a collections of works
|2 eczenas
|
| 910 |
2 |
|
|a BOA001
|b 2-1302.885
|
| 990 |
|
|
|a BK
|
| 995 |
|
|
|a 01
|
| 991 |
|
|
|b 201304
|c NOV
|e n
|
| 996 |
6 |
|
|b 2610544567
|c 2-1302.885
|l MZK
|r Sklad / do 1 hodiny
|n 1
|p p.v.
|w 001321681
|u 000010
|a 1
|e BOA001
|j MZK50
|s P
|
| 996 |
7 |
|
|b 2610544568
|c 2-1302.885
|l MZK
|r Sklad / do 1 hodiny
|n 9
|p p.v.
|w 001321681
|u 000020
|a 1
|e BOA001
|j MZK50
|s A
|